| 000 | 01343nmm a2200349 a 4500 | ||
|---|---|---|---|
| 001 | ocm0002146082 | ||
| 003 | TR-IsHL | ||
| 005 | 20201028181758.0 | ||
| 008 | 190108s2015 tu tur | ||
| 007 | cr cn | ||
| 020 | _a9786059915267 | ||
| 035 |
_a2146082 _b(N$T) |
||
| 050 | 0 | 4 |
_aDR479.A94 _bE75 2015 |
| 090 | 0 | 4 |
_aDR479.A94 _bE75 2015 |
| 100 | 1 | _aErkan, Hakan Sezgin | |
| 245 | 1 | 0 |
_aTürkiyenin komşuları cilt I: XV. yüzyıldan XXI yüzyıla Türkiye -Azerbaycan'ın sosyal, ekonomik, kültürel değişimi _h[electronic resource] / _cHakan Sezgin Erkan ; Sina Kısacık, Damla Sevimli ; editör Erturan Elmas |
| 250 | _aBirinci Basım | ||
| 260 |
_aİstanbul : _bKaNeS yayınları, _c2015 |
||
| 300 | _a495 p. | ||
| 500 | _aKaynakça var. | ||
| 650 | 4 | _aPolitika ve Uluslararası İlişkiler | |
| 650 | 4 | _aPolitics and International Relations | |
| 650 | 0 |
_aTürkiye _x İlişkiler _x Azerbaycan |
|
| 650 | 0 |
_aTurkey _x Relations _x Azerbaijan |
|
| 650 | 0 |
_aAzerbaycan _x İlişkiler _x Türkiye |
|
| 650 | 0 |
_aAzerbaijan _x Relations _x Turkey |
|
| 650 | 7 |
_aBUSINESS & ECONOMICS / Economic Conditions _2bisacsh |
|
| 700 | 1 | _aSina Kısacık, | |
| 700 | 1 | _aDamla Sevimli, | |
| 700 | 1 | _aElmas, Erturan | |
| 856 | 4 | 0 | _uhttp://search.ebscohost.com/login.aspx?direct=true&scope=site&db=e011xww&AN=2146082 |
| 999 |
_c19759 _d19759 |
||